000 01042nac a22003377a 4500
001 BR7900652
003 BR-BrBNA
005 20240105114359.0
008 230509b bl.|||m| |||| 00| 0 por d
040 _aBR-BrBNA
_bpor
_cBiblioteca Nacional de Agricultura
072 _aK10
090 _a2480 BR7900652
100 1 _aAlbuquerque, H. de
100 1 _aCardoso, E.M.R.
100 1 _aGoncalves, W.M.F.
100 1 _aBarriga, J.P.
100 1 _aMaia, J.G.
100 1 _aBarbosa, W.C.
110 1 _aCentro de Pesquisa Agropecuaria do Tropico Umido, Belem, PA (Brasil)
245 1 _aUtilizacao do tucupi na coagulacao do latex da seringueira
260 3 _aBelem, PA (Brasil):
_c1978.
300 _a13 p.
490 _aComunicado Tecnico - Centro de Pesquisa Agropecuaria do Tropico Umido (Brazil)
_vno. 10
_x
500 _aSummaries (En, Pt)
650 _aINDUSTRIA FLORESTAL
650 _aSERINGUEIRA
650 _aTUCUPI
650 _aLATEX
909 _a202312
_bLúcia Elande
_c55
_dLúcia Elande
942 _2AGRIS
_n0
_cMS
999 _c269025
_d269025